000 00226 a2200109 4500
245 _aPhysical geography
_hText
020 _a9780415559300
100 _aJoseph Holden
650 _aGEOGRAPHY
005 20191017173700.0
260 _c2011
084 _aNONE
999 _c10590
_d10590